Anales de la Academia Sevillana del Notariado Conferencias del curso acadm̌ico 2011/12 Tomo XXIII

Bibliographic Details
Format: eBook
Language:Spanish
Published: Sevilla: Academia Sevillana del Notariado, 2012
Series:Anales de la Academia Sevillana del Notariado
Subjects:
Online Access:Acceso restringido

MARC

LEADER 00000nam a22000007a 4500
005 20161209164649.0
007 cr|||| ||||
008 161209s2012 es |||||s|||| 00||0 spa d
020 |a 978-84-937762-3-7 
035 |a 14597 
040 |a vLex 
090 |c 6443  |d 6443 
245 0 0 |a Anales de la Academia Sevillana del Notariado  |h [Recurso electrn̤ico] :  |b Conferencias del curso acadm̌ico 2011/12  |n Tomo XXIII 
256 |a Servicio en ln̕ea 
260 |a Sevilla:  |b Academia Sevillana del Notariado,  |c 2012 
300 |a 1 recurso electrn̤ico 
490 0 |a Anales de la Academia Sevillana del Notariado 
506 1 |a Disponible solo en los productos indicados  |d vLex Global  |d vLex Global (Academic Edition, excluding Law Schools)  |d vLex Global (U.S. Academic Edition, Law Schools)  |d vLex Global (U.S. Academic Edition, excluding Law Schools)  |d vLex Global (Academic Edition, Law Schools) 
650 0 4 |a Derecho Civil  |z Espaą 
740 0 |a vLex Libros (Servicio en ln̕ea) 
856 4 0 |u http://vlex.com/source/anales-de-la-academia-sevillana-del-notariado-tomo-xxiii-conferencias-del-curso-academico-2011-12-14597  |z Acceso restringido 
942 |c BOOK 
999 0 |a Civil Law